000
00236nam a22000857a 4500
008
160716b xxu||||| |||| 00| 0 eng d
100
_9
2941
_a
Aneja, P.L
245
_a
Deutsch Interssant - II
260
_a
New Delhi
_b
Indo Bonn Publication
_c
2001
999
_c
2506
_d
2506